Triple J Hottest 100, Songs of 1997 - Statistics

General Stats
  • This quiz has been taken 103 times
  • The average score is 23 of 100
Answer Stats
# Country of Origin Song Artist % Correct
4 UK Bitter Sweet Symphony The Verve
96%
22 UK The Drugs Don't Work The Verve
96%
2 UK Song 2 Blur
95%
7 UK Paranoid Android Radiohead
88%
9 UK Karma Police Radiohead
88%
3 UK Tubthumping Chumbawamba
86%
21 USA Monkey Wrench Foo Fighters
69%
77 Sweden Lovefool The Cardigans
66%
8 USA The Beautiful People Marilyn Manson
60%
29 USA Semi-Charmed Life Third Eye Blind
54%
11 USA Walkin' on the Sun Smash Mouth
53%
6 USA Dammit Blink-182
48%
13 Australia Freak Silverchair
47%
27 Australia The Door Silverchair
47%
98 France Da Funk Daft Punk
45%
25 USA Hitchin' a Ride Green Day
44%
24 USA A.D.I.D.A.S. Korn
39%
42 UK Brimful of Asha Cornershop
35%
38 USA The Memory Remains Metallica
35%
55 USA Love Rollercoaster Red Hot Chili Peppers
35%
52 USA #1 Crush Garbage
34%
26 USA The Perfect Drug Nine Inch Nails
33%
20 USA I Will Survive Cake
31%
15 Australia Prisoner of Society The Living End
31%
49 Australia From Here on In The Living End
31%
40 USA Why's Everybody Always Pickin' on Me? Bloodhound Gang
29%
46 USA Fire Water Burn Bloodhound Gang
29%
23 Australia Calypso Spiderbait
29%
1 Australia No Aphrodisiac The Whitlams
29%
53 Australia You Sound Like Louis Burdett The Whitlams
29%
62 USA The End Is the Beginning Is the End The Smashing Pumpkins
28%
59 UK Your Woman White Town
28%
61 UK Block Rockin' Beats The Chemical Brothers
27%
30 USA Forty Six & 2 Tool
27%
18 Australia Into My Arms Nick Cave and the Bad Seeds
25%
87 UK 6 Underground Sneaker Pimps
25%
31 USA Ashes to Ashes Faith No More
24%
64 USA Stripsearch Faith No More
24%
51 USA So Much for the Afterglow Everclear
21%
54 USA Everything to Everyone Everclear
21%
68 UK Cosmic Girl Jamiroquai
20%
19 Australia Everyday Formula Regurgitator
20%
89 USA Not If You Were the Last Junkie on Earth The Dandy Warhols
20%
10 Australia Leaving Home Jebediah
19%
33 Australia Military Strongmen Jebediah
19%
81 Australia Did It Again Kylie Minogue
19%
73 USA Lakini's Juice Live
18%
70 UK Place Your Hands Reef
18%
34 Australia DC×3 Grinspoon
16%
63 Australia Repeat Grinspoon
16%
39 Australia Captain (Million Miles an Hour) Something for Kate
16%
75 UK Female of the Species Space
16%
14 Australia Down Again The Superjesus
16%
41 USA Deadweight Beck
15%
12 USA One Angry Dwarf and 200 Solemn Faces Ben Folds Five
15%
36 USA Mutilated Lips Ween
15%
69 USA Waving My D*** in the Wind Ween
15%
66 Australia JC Powderfinger
14%
91 UK Remember Me Blue Boy
13%
48 Australia Anatomically Correct Custard
13%
67 USA I Choose The Offspring
13%
74 USA The Ghost of Tom Joad Rage Against the Machine
11%
56 UK Funky S*** The Prodigy
11%
5 Australia Back Door Man Pauline Pantsdown
9%
44 Canada Temptation The Tea Party
9%
82 USA Shake Hands with Beef Primus
8%
45 UK Wrong Number The Cure
8%
35 UK Summertime The Sundays
8%
79 UK All Mine Portishead
7%
65 USA Outdoor Type The Lemonheads
7%
43 Australia You're Not the Only One Who Feels This Way Ammonia
6%
17 Australia Crazy Cordrazine
6%
99 USA Naked Eye Luscious Jackson
6%
50 UK Eat Me Arkarna
5%
97 UK The Futures Overrated Arkarna
5%
80 USA Faded Ben Harper
5%
95 UK Don't Leave Faithless
5%
96 USA Bound for the Floor Local H
5%
92 Australia Titanic Days Sidewinder
5%
78 Australia Degenerate Boy The Mark of Cain
5%
28 USA Cows with Guns Dana Lyons
4%
58 Australia I Go Off Diana Ah Naid
4%
72 Australia Pulse Front End Loader
4%
32 Australia Coma Pendulum
4%
90 USA Society Pennywise
4%
94 Australia Way of All Things Rebecca's Empire
4%
86 Australia Smokin' Johnny Cash The Blackeyed Susans
4%
37 Australia Naughty Boy The Mavis's
4%
85 UK Nightmare Brainbug
2%
84 Australia Feelin' Kinda Sporty Dave Graney
2%
47 USA (Can't You) Trip Like I Do Filter and The Crystal Method
2%
76 USA Legend of a Cowgirl Imani Coppola
2%
83 USA I Wanna Be a Drug-Sniffing Dog Lard
2%
16 USA Everybody's Free (To Wear Sunscreen) Quindon Tarver
2%
93 Australia Weightlessness Skunkhour
2%
88 Australia Nothing Beaverloop
1%
100 Australia I Give In Effigy
1%
57 UK Girl at the Bus Stop My Drug Hell
1%
71 Australia Sick with Love Robyn Loau
1%
60 USA New York City They Might Be Giants
1%
No matching quizzes found
Score Distribution
Percent of People with Each Score
Percentile by Number Answered
Your Score History
You have not taken this quiz